000 00634nam a2200193 i 4500
001 26202
003 ES-MaACL
005 20230906153412.0
007 t|
008 030108s1953 sp ||||1| spa d
100 1 _aAróstegui, Antonio.
_923166
245 1 0 _aEsquemas para una Historia de la Filosofía Occidental /
_cpor Antonio Arostegui.
260 _aGranada :
_bCam,
_c[1953] (
_fPatria)
300 _a728 p. ;
_c22 cm.
490 1 _aTextos universitarios de las Ediciones Cam. ;
_v1
830 0 _aTextos universitarios de las Ediciones Cam. ;
_v1
_9229166
852 _aES-MaACL
_jC-6192
_bR.35469
999 _c26202
_d26202